|
|
|
|
| LEADER |
00000cam a2200000 7i4500 |
| 001 |
0000069958 |
| 005 |
20170206.0 |
| 008 |
170206 |
| 020 |
|
|
|a 0431137188
|
| 090 |
0 |
0 |
|a SC
|b ENG
|
| 100 |
1 |
|
|a Royston,Angela
|
| 245 |
1 |
0 |
|a Light and dark
|c Angela Royston
|
| 260 |
|
|
|a Oxford :
|b Heinemann library ,
|c 2001
|
| 490 |
1 |
|
|a My world of science
|
| 650 |
|
0 |
|a Light-juvenile literature
|
| 999 |
|
|
|a 0000902070
|b Book
|c Children Collection
|e Cawangan Segamat
|
| 999 |
|
|
|a 0000902071
|b Book
|c Children Collection
|e Cawangan Segamat
|
| 999 |
|
|
|a 0000902072
|b Book
|c Children Collection
|e Cawangan Segamat
|
| 999 |
|
|
|a 0000902073
|b Book
|c Children Collection
|e Cawangan Segamat
|
| 999 |
|
|
|a 0000902078
|b Book
|c Children Collection
|e Cawangan Bandar Penawar
|
| 999 |
|
|
|a 0000902079
|b Book
|c Children Collection
|e Cawangan Bandar Penawar
|
| 999 |
|
|
|a 0000902080
|b Book
|c Children Collection
|e Cawangan Bandar Penawar
|
| 999 |
|
|
|a 0000902081
|b Book
|c Children Collection
|e Cawangan Bandar Penawar
|
| 999 |
|
|
|a 0000902091
|b Book
|c Children Collection
|e Cawangan Tangkak
|
| 999 |
|
|
|a 0000902096
|b Book
|c Children Collection
|e Cawangan Pontian
|
| 999 |
|
|
|a 000902082
|b Book
|c Children Collection
|e Cawangan Batu Pahat
|
| 999 |
|
|
|a 000902083
|b Book
|c Children Collection
|e Cawangan Batu Pahat
|
| 999 |
|
|
|a 000902084
|b Book
|c Children Collection
|e Cawangan Batu Pahat
|
| 999 |
|
|
|a 000902085
|b Book
|c Children Collection
|e Cawangan Batu Pahat
|